| 000 | 00919nam a2200205Ia 4500 | ||
|---|---|---|---|
| 008 | 191130s1979##################000#0#eng## | ||
| 020 | _a9781414441191 | ||
| 022 | _a2002212817 | ||
| 040 |
_aACL _cACL |
||
| 082 | _a305 WEX | ||
| 245 |
_aGrowing old in America _cBarbara Wexler |
||
| 260 |
_aPlano, Tex _bGale, Instructional Aides _c-1979 |
||
| 300 | _av. : ill. ; 28 cm | ||
| 500 | _aPublished: Plano, Tex. : Information Aids, 1986-1988; Wylie, Tex. : Information Plus, 1990-1998; Detroit, Mich. : Gale Group, 2000-<2002>; Detroit : Gale Cengage Learning, <2008-> Latest issue consulted: 2008 ed. Some vols. lack designation | ||
| 650 | _aOlder people - United States - Periodicals | ||
| 710 | _aGale (Firm), Gale Group, Information Aids, Inc, Information Plus (Firm : Wylie, Tex.), Instructional Aides (Firm) | ||
| 990 | _a90002cfcac10000c2bf0f2c1b3cd65be | ||
| 991 | _a202931 | ||
| 999 |
_c198707 _d198707 |
||